AH International Schools' Libraries

The very hungry caterpillar's Australian friends / (Record no. 50107)

MARC details
000 -LEADER
fixed length control field 00367nam a2200121 4500
020 ## - INTERNATIONAL STANDARD BOOK NUMBER
International Standard Book Number 0241401585
020 ## - INTERNATIONAL STANDARD BOOK NUMBER
International Standard Book Number 978-0241401583
100 ## - MAIN ENTRY--PERSONAL NAME
Personal name Carle, Eric,
Relator term author.
245 ## - TITLE STATEMENT
Title The very hungry caterpillar's Australian friends /
Remainder of title A lift-the-flap book.
Statement of responsibility, etc Eric Carle
260 ## - PUBLICATION, DISTRIBUTION, ETC. (IMPRINT)
Place of publication, distribution, etc London :
Name of publisher, distributor, etc Puffin Book ;
Date of publication, distribution, etc 2024.
300 ## - PHYSICAL DESCRIPTION
Dimensions 8.43 x 0.51 x 8.5 inches.
942 ## - ADDED ENTRY ELEMENTS (KOHA)
Source of classification or shelving scheme
Koha item type Board Book
Holdings
Withdrawn status Lost status Source of classification or shelving scheme Damaged status Not for loan Home library Current library Date acquired Total Checkouts Full call number Barcode Date last seen Date checked out Price effective from Koha item type
          Logos International School Logos International School 01/22/2026 5 BB CAR 040835 04/06/2026 04/01/2026 01/22/2026 Board Book

For any Logos Library related questions please contact Miss Art at swongnarasuk@asianhope.org.

For any Asian Hope Library related questions please contact Miss Raza at graza@asianhope.org.

Powered by Koha